College Quizbowl Stats
College Quizbowl Stats
Circuits
Seasons
Sets
Records
Detailed Stats
About
Loading...
2023 BHSU @ Waterloo
Tossups
Bonuses
Players
Teams
Categories (Tossup)
Categories (Bonus)
Nicolaus Derikx
Cameron et al.
Categories
Category
Powers
Gets
Negs
BBs
Points
Earliest Buzz
Avg. Buzz
First Buzzes
Top 3 Buzzes
Science - Other Science
0
2
0
0
20
106
113.00
0
2
Other - Other Academic
0
2
1
1
15
98
116.00
1
2
Arts - Painting
0
1
0
1
10
128
128.00
0
1
Science - Engineering
0
1
0
0
10
115
115.00
0
1
Buzzes
Category
Answer
Value
Buzz Position
Other - Other Academic
juggling
10
98
Science - Other Science
databases
10
106
Science - Engineering
energy storage
10
115
Science - Other Science
routing
10
120
Arts - Painting
cats
10
128
Other - Other Academic
Perl
-5
130
Other - Other Academic
can openers
10
134
Previous
1
Next